Holiday Quiz

Random Holiday or Halloween Quiz

NBA Halloween Logos Quiz Stats

 Plays Quiz not verified by Sporcle

Score 0/31 Timer 03:00
1 Play Today
% Correct
Celtics
89.5%
NBA Logo
88.5%
Warriors
87.4%
Heat
87.2%
Lakers
86.7%
Knicks
86.1%
Suns
85.9%
Pacers
85.4%
Trailblazers
85.4%
Bulls
85.4%
Timberwolves
85.3%
Jazz
85.2%
Cavaliers
84.6%
Spurs
84.5%
Nuggets
84%
Wizards
83.9%
% Correct
Pistons
83.9%
Raptors
83.6%
Thunder
83.2%
Kings
83.2%
Mavericks
82.7%
Magic
82.6%
76ers
82.6%
Hornets
82.4%
Pelicans
81.9%
Hawks
81.6%
Grizzlies
81.5%
Bucks
81.4%
Nets
79.8%
Clippers
78.2%
Rockets
73.7%

You're not logged in!

Compare scores with friends on all Sporcle quizzes.
OR
Log In

Show Comments

Extras

Top Quizzes Today


Score Distribution

Your Account Isn't Verified!

In order to create a playlist on Sporcle, you need to verify the email address you used during registration. Go to your Sporcle Settings to finish the process.

Report this User

Report this user for behavior that violates our Community Guidelines.

Details: